Sentimental education
Guardat en:
| Autor principal: | |
|---|---|
| Format: | Llibre |
| Idioma: | Undetermined |
| Publicat: |
Londres, Inglaterra
Penguin Books
1976
|
| Matèries: | |
| Etiquetes: |
Afegir etiqueta
Sense etiquetes, Sigues el primer a etiquetar aquest registre!
|
MARC
| LEADER | 00000nam a2200000Ia 4500 | ||
|---|---|---|---|
| 008 | 170316s9999 xx 000 0 und d | ||
| 040 | |a cru BVZT | ||
| 090 | |a 840 F-5se | ||
| 100 | |a Flaubert, Gustave | ||
| 245 | |a Sentimental education | ||
| 260 | |a Londres, Inglaterra | ||
| 260 | |b Penguin Books | ||
| 260 | |c 1976 | ||
| 300 | |a 429 páginas | ||
| 650 | |a LITERATURA FRANCESA | ||
| 999 | |c 7683 |d 7683 | ||
| 942 | |c 15 D |h 840 F-5se |2 z | ||
